[Event "Tournoi International du Pays de Charleroi 2018"]
[Site "Roux, Belgium"]
[Date "2018.07.30"]
[Round "3.2"]
[White "Goossens, Hanne"]
[Black "Cruz Lledo, Pablo"]
[Result "0-1"]
[WhiteTitle "WFM"]
[BlackTitle "IM"]
[WhiteElo "2204"]
[BlackElo "2443"]

1. e4 {[%clk 01:27:55]} {[%emt 00:03:03]} c6 {[%clk 01:30:28]} {[%emt
00:00:32]} 2. d4 {[%clk 01:28:21]} {[%emt 00:00:04]} d5 {[%clk 01:30:54]}
{[%emt 00:00:04]} 3. e5 {[%clk 01:28:41]} {[%emt 00:00:10]} c5 {[%clk
01:30:45]} {[%emt 00:00:39]} 4. dxc5 {[%clk 01:28:35]} {[%emt 00:00:36]} Nc6
{[%clk 01:30:50]} {[%emt 00:00:26]} 5. a3 {[%clk 01:28:07]} {[%emt 00:00:58]}
Nxe5 {[%clk 01:30:47]} {[%emt 00:00:32]} 6. b4 {[%clk 01:27:57]} {[%emt
00:00:40]} e6 {[%clk 01:26:06]} {[%emt 00:05:11]} 7. Bb2 {[%clk 01:21:13]}
{[%emt 00:07:13]} Ng6 {[%clk 01:26:27]} {[%emt 00:00:09]} 8. Nf3 {[%clk
01:20:35]} {[%emt 00:01:08]} Nf6 {[%clk 01:26:42]} {[%emt 00:00:15]} 9. Bd3
{[%clk 01:08:44]} {[%emt 00:12:21]} Be7 {[%clk 01:24:35]} {[%emt 00:02:38]} 10.
O-O {[%clk 01:08:29]} {[%emt 00:00:45]} O-O {[%clk 01:24:54]} {[%emt 00:00:10]}
11. Re1 {[%clk 01:02:38]} {[%emt 00:06:22]} a5 {[%clk 01:23:16]} {[%emt
00:02:08]} 12. Nc3 {[%clk 00:57:31]} {[%emt 00:05:37]} Bd7 {[%clk 01:20:59]}
{[%emt 00:02:47]} 13. Nd4 {[%clk 00:55:29]} {[%emt 00:02:32]} e5 {[%clk
01:12:21]} {[%emt 00:09:08]} 14. Nf5 {[%clk 00:55:06]} {[%emt 00:00:53]} e4
{[%clk 01:03:42]} {[%emt 00:09:09]} 15. Nxe7+ {[%clk 00:54:16]} {[%emt
00:01:19]} Nxe7 {[%clk 01:03:43]} {[%emt 00:00:29]} 16. Bb5 {[%clk 00:44:56]}
{[%emt 00:09:50]} Be6 {[%clk 01:02:48]} {[%emt 00:01:26]} 17. Na4 {[%clk
00:42:11]} {[%emt 00:03:15]} Qc7 {[%clk 01:02:52]} {[%emt 00:00:25]} 18. Qd4
{[%clk 00:36:39]} {[%emt 00:06:02]} Qf4 {[%clk 00:50:52]} {[%emt 00:12:30]} 19.
Nb6 {[%clk 00:33:19]} {[%emt 00:03:51]} Rad8 {[%clk 00:51:17]} {[%emt
00:00:05]} 20. Qe3 {[%clk 00:21:55]} {[%emt 00:11:53]} Qf5 {[%clk 00:48:48]}
{[%emt 00:02:59]} 21. Qg3 {[%clk 00:17:30]} {[%emt 00:04:55]} Ng6 {[%clk
00:47:02]} {[%emt 00:02:17]} 22. Bxf6 {[%clk 00:15:42]} {[%emt 00:02:18]} Qxf6
{[%clk 00:47:01]} {[%emt 00:00:31]} 23. c4 {[%clk 00:16:02]} {[%emt 00:00:10]}
dxc4 {[%clk 00:44:22]} {[%emt 00:03:08]} 24. Bxc4 {[%clk 00:15:35]} {[%emt
00:00:58]} Nf4 {[%clk 00:44:30]} {[%emt 00:00:21]} 25. Qe3 {[%clk 00:13:52]}
{[%emt 00:02:12]} Nd3 {[%clk 00:39:44]} {[%emt 00:05:17]} 26. Rf1 {[%clk
00:09:21]} {[%emt 00:05:02]} Bf5 {[%clk 00:23:37]} {[%emt 00:16:37]} 27. Nd5
{[%clk 00:08:46]} {[%emt 00:01:05]} Qe5 {[%clk 00:20:15]} {[%emt 00:03:52]} 28.
f4 {[%clk 00:06:51]} {[%emt 00:02:25]} exf3 {[%clk 00:18:01]} {[%emt 00:02:44]}
29. Ne7+ {[%clk 00:06:56]} {[%emt 00:00:25]} Kh8 {[%clk 00:18:29]} {[%emt
00:00:01]} 30. Nxf5 {[%clk 00:07:14]} {[%emt 00:00:12]} f2+ {[%clk 00:17:32]}
{[%emt 00:01:28]} 31. Kh1 {[%clk 00:05:35]} {[%emt 00:02:08]} Qxf5 {[%clk
00:16:59]} {[%emt 00:01:03]} 32. Bxd3 {[%clk 00:05:22]} {[%emt 00:00:44]} Rxd3
{[%clk 00:17:20]} {[%emt 00:00:08]} 33. Qxf2 {[%clk 00:05:42]} {[%emt
00:00:10]} Qd5 {[%clk 00:17:31]} {[%emt 00:00:20]} 34. bxa5 {[%clk 00:03:55]}
{[%emt 00:02:18]} f5 {[%clk 00:17:47]} {[%emt 00:00:13]} 35. a4 {[%clk
00:03:13]} {[%emt 00:01:12]} f4 {[%clk 00:17:56]} {[%emt 00:00:21]} 36. Qe2
{[%clk 00:02:10]} {[%emt 00:01:32]} f3 {[%clk 00:17:19]} {[%emt 00:01:07]} 37.
gxf3 {[%clk 00:02:05]} {[%emt 00:00:35]} Rdxf3 {[%clk 00:17:32]} {[%emt
00:00:18]} 38. Rxf3 {[%clk 00:02:16]} {[%emt 00:00:19]} Rxf3 {[%clk 00:18:00]}
{[%emt 00:00:01]} 39. Qg2 {[%clk 00:02:12]} {[%emt 00:00:34]} g5 {[%clk
00:16:22]} {[%emt 00:02:09]} 40. Re1 {[%clk 00:01:17]} {[%emt 00:01:23]} Kg7
{[%clk 00:15:31]} {[%emt 00:01:22]} 41. Kg1 {[%clk 00:24:52]} {[%emt 00:06:54]}
Qxc5+ {[%clk 00:45:27]} {[%emt 00:00:35]} 42. Kh1 {[%clk 00:25:16]} {[%emt
00:00:05]} Qd5 {[%clk 00:45:17]} {[%emt 00:00:41]} 43. Kg1 {[%clk 00:25:34]}
{[%emt 00:00:13]} Kh6 {[%clk 00:34:11]} {[%emt 00:11:36]} 44. Qg4 {[%clk
00:20:42]} {[%emt 00:05:20]} Rf6 {[%clk 00:33:51]} {[%emt 00:00:51]} 45. Rd1
{[%clk 00:19:41]} {[%emt 00:01:31]} Qb3 {[%clk 00:30:37]} {[%emt 00:03:43]} 46.
Qd4 {[%clk 00:11:32]} {[%emt 00:08:40]} Qf3 {[%clk 00:27:25]} {[%emt 00:03:42]}
47. Qd3 {[%clk 00:10:22]} {[%emt 00:01:40]} Qg4+ {[%clk 00:26:49]} {[%emt
00:01:07]} 48. Kh1 {[%clk 00:10:47]} {[%emt 00:00:05]} Rf2 {[%clk 00:23:06]}
{[%emt 00:04:13]} 49. Rg1 {[%clk 00:07:44]} {[%emt 00:03:33]} Qe6 {[%clk
00:23:20]} {[%emt 00:00:15]} 50. Rxg5 {[%clk 00:07:31]} {[%emt 00:00:44]} Re2
{[%clk 00:14:29]} {[%emt 00:09:20]} 51. Rc5 {[%clk 00:02:38]} {[%emt 00:05:23]}
Re1 {[%clk 00:10:04]} {[%emt 00:04:55]} 52. Kg2 {[%clk 00:02:59]} {[%emt
00:00:09]} Qg4+ {[%clk 00:10:14]} {[%emt 00:00:20]} 53. Kf2 {[%clk 00:01:28]}
{[%emt 00:02:02]} Qg1+ {[%clk 00:10:37]} {[%emt 00:00:07]} 54. Kf3 {[%clk
00:01:54]} {[%emt 00:00:04]} Rf1+ {[%clk 00:09:31]} {[%emt 00:01:36]} 55. Ke4
{[%clk 00:02:15]} {[%emt 00:00:08]} Qg4+ {[%clk 00:08:13]} {[%emt 00:01:48]} 56.
Ke5 {[%clk 00:01:51]} {[%emt 00:00:53]} Re1+ {[%clk 00:08:06]} {[%emt
00:00:38]} 57. Kf6 {[%clk 00:02:03]} {[%emt 00:00:17]} Qe6# {[%clk 00:08:18]}
{[%emt 00:00:19]} 0-1

[Event "Tournoi International du Pays de Charleroi 2018"]
[Site "Roux, Belgium"]
[Date "2018.07.30"]
[Round "3.22"]
[White "Gitu, Paula-Alexandra"]
[Black "Barbier, Sigiswald"]
[Result "1-0"]
[WhiteTitle "WFM"]
[WhiteElo "1990"]
[BlackElo "2117"]

1. e4 {[%clk 01:30:59]} c5 {[%clk 01:30:53]} {[%emt 00:00:09]} 2. Nf3 {[%clk
01:31:25]} {[%emt 00:00:03]} g6 {[%clk 01:31:10]} {[%emt 00:00:13]} 3. c3
{[%clk 01:31:47]} {[%emt 00:00:08]} Bg7 {[%clk 01:31:12]} {[%emt 00:00:27]} 4.
d4 {[%clk 01:32:12]} {[%emt 00:00:05]} cxd4 {[%clk 01:31:37]} {[%emt 00:00:06]}
5. cxd4 {[%clk 01:32:38]} {[%emt 00:00:03]} d5 {[%clk 01:31:57]} {[%emt
00:00:10]} 6. e5 {[%clk 01:32:41]} {[%emt 00:00:27]} Bg4 {[%clk 01:30:47]}
{[%emt 00:01:40]} 7. Bb5+ {[%clk 01:32:03]} {[%emt 00:01:08]} Nc6 {[%clk
01:29:37]} {[%emt 00:01:41]} 8. Nbd2 {[%clk 01:29:58]} {[%emt 00:02:35]} Nh6
{[%clk 01:24:52]} {[%emt 00:05:14]} 9. O-O {[%emt 00:07:08]} O-O {[%clk
01:24:24]} {[%emt 00:00:55]} 10. h3 {[%clk 01:09:37]} {[%emt 00:14:16]} Bf5
{[%clk 01:20:03]} {[%emt 00:04:51]} 11. Bxc6 {[%clk 01:03:39]} {[%emt
00:06:29]} bxc6 {[%clk 01:20:29]} {[%emt 00:00:04]} 12. Nb3 {[%clk 01:02:38]}
{[%emt 00:01:30]} f6 {[%clk 01:19:27]} {[%emt 00:01:32]} 13. exf6 {[%clk
01:00:01]} {[%emt 00:03:08]} exf6 {[%clk 01:19:10]} {[%emt 00:00:47]} 14. Nc5
{[%clk 00:54:21]} {[%emt 00:06:09]} Nf7 {[%clk 01:16:00]} {[%emt 00:03:41]} 15.
Bf4 {[%clk 00:51:12]} {[%emt 00:03:39]} Nd6 {[%clk 01:14:15]} {[%emt 00:02:14]}
16. Qa4 {[%clk 00:50:27]} {[%emt 00:01:16]} Nb5 {[%clk 01:09:39]} {[%emt
00:05:05]} 17. Rac1 {[%clk 00:44:46]} {[%emt 00:06:11]} Qb6 {[%clk 01:00:43]}
{[%emt 00:09:26]} 18. Qb3 {[%clk 00:29:12]} {[%emt 00:16:04]} Qd8 {[%clk
00:39:50]} {[%emt 00:21:23]} 19. Rfe1 {[%clk 00:14:12]} {[%emt 00:15:30]} Rf7
{[%clk 00:37:58]} {[%emt 00:02:21]} 20. g4 {[%clk 00:08:14]} {[%emt 00:06:29]}
Bd7 {[%clk 00:33:45]} {[%emt 00:04:43]} 21. a4 {[%clk 00:06:56]} {[%emt
00:01:48]} Nc7 {[%clk 00:33:35]} {[%emt 00:00:39]} 22. Qb7 {[%clk 00:06:51]}
{[%emt 00:00:36]} Be8 {[%clk 00:31:34]} {[%emt 00:02:31]} 23. Bxc7 {[%clk
00:06:02]} {[%emt 00:01:19]} Rxc7 {[%clk 00:29:11]} {[%emt 00:02:53]} 24. Rxe8+
{[%clk 00:06:11]} {[%emt 00:00:21]} Qxe8 {[%clk 00:29:28]} {[%emt 00:00:13]} 25.
Qxc7 {[%clk 00:06:37]} {[%emt 00:00:04]} 1-0

[Event "Tournoi International du Pays de Charleroi 2018"]
[Site "Roux, Belgium"]
[Date "2018.07.30"]
[Round "3.7"]
[White "Mirzoev, Azer"]
[Black "Mulder, Bart-Piet"]
[Result "1/2-1/2"]
[WhiteTitle "GM"]
[WhiteElo "2506"]
[BlackElo "2176"]

1. d4 {[%clk 01:27:01]} {[%emt 00:03:58]} d5 {[%clk 01:30:41]} {[%emt
00:00:20]} 2. Nf3 {[%clk 01:27:11]} {[%emt 00:00:20]} Nf6 {[%clk 01:31:06]}
{[%emt 00:00:06]} 3. c4 {[%clk 01:27:36]} {[%emt 00:00:05]} dxc4 {[%clk
01:31:04]} {[%emt 00:00:32]} 4. e3 {[%clk 01:28:01]} {[%emt 00:00:05]} Bg4
{[%clk 01:30:35]} {[%emt 00:00:58]} 5. Bxc4 {[%clk 01:27:17]} {[%emt 00:01:14]}
e6 {[%clk 01:31:01]} {[%emt 00:00:04]} 6. h3 {[%clk 01:27:42]} {[%emt
00:00:05]} Bh5 {[%clk 01:31:26]} {[%emt 00:00:05]} 7. Nc3 {[%clk 01:28:07]}
{[%emt 00:00:06]} a6 {[%clk 01:30:22]} {[%emt 00:01:34]} 8. g4 {[%clk
01:28:21]} {[%emt 00:00:16]} Bg6 {[%clk 01:30:47]} {[%emt 00:00:05]} 9. Ne5
{[%clk 01:28:45]} {[%emt 00:00:06]} Nbd7 {[%clk 01:31:14]} {[%emt 00:00:03]} 10.
Nxg6 {[%clk 01:28:48]} {[%emt 00:00:27]} hxg6 {[%clk 01:31:37]} {[%emt
00:00:07]} 11. Qf3 {[%clk 01:28:50]} {[%emt 00:00:28]} c6 {[%clk 01:27:47]}
{[%emt 00:04:21]} 12. Bd2 {[%clk 01:28:44]} {[%emt 00:00:34]} Nb6 {[%clk
01:17:40]} {[%emt 00:10:39]} 13. Bb3 {[%clk 01:28:56]} {[%emt 00:00:18]} Nfd5
{[%clk 01:17:45]} {[%emt 00:00:25]} 14. Ne4 {[%clk 01:26:24]} {[%emt 00:03:00]}
a5 {[%clk 01:13:23]} {[%emt 00:04:54]} 15. a3 {[%clk 01:26:12]} {[%emt
00:00:42]} a4 {[%clk 01:13:37]} {[%emt 00:00:15]} 16. Ba2 {[%clk 01:26:37]}
{[%emt 00:00:03]} Be7 {[%clk 01:09:56]} {[%emt 00:04:12]} 17. O-O-O {[%clk
01:25:28]} {[%emt 00:01:39]} Nd7 {[%clk 00:58:10]} {[%emt 00:12:17]} 18. Ng3
{[%clk 01:22:19]} {[%emt 00:03:38]} b5 {[%clk 00:49:35]} {[%emt 00:09:06]} 19.
e4 {[%clk 01:21:36]} {[%emt 00:01:13]} N5b6 {[%clk 00:47:47]} {[%emt 00:02:19]}
20. Kb1 {[%clk 01:21:49]} {[%emt 00:00:16]} Nc4 {[%clk 00:22:02]} {[%emt
00:26:16]} 21. Bc3 {[%clk 01:19:57]} {[%emt 00:02:21]} Ndb6 {[%clk 00:12:48]}
{[%emt 00:09:45]} 22. Qe2 {[%clk 01:18:46]} {[%emt 00:01:39]} Kf8 {[%clk
00:09:53]} {[%emt 00:03:26]} 23. f4 {[%clk 01:18:30]} {[%emt 00:00:45]} Qc7
{[%clk 00:08:39]} {[%emt 00:01:45]} 24. Qf3 {[%clk 01:16:57]} {[%emt 00:02:02]}
b4 {[%clk 00:04:23]} {[%emt 00:04:48]} 25. axb4 {[%clk 01:12:57]} {[%emt
00:04:30]} a3 {[%clk 00:04:41]} {[%emt 00:00:12]} 26. Bxc4 {[%clk 01:12:04]}
{[%emt 00:01:22]} Nxc4 {[%clk 00:04:45]} {[%emt 00:00:28]} 27. b3 {[%clk
01:12:28]} {[%emt 00:00:05]} a2+ {[%clk 00:03:50]} {[%emt 00:01:25]} 28. Ka1
{[%clk 01:12:36]} {[%emt 00:00:21]} Na3 {[%clk 00:04:02]} {[%emt 00:00:19]} 29.
Rc1 {[%clk 01:09:27]} {[%emt 00:03:39]} Qb6 {[%clk 00:02:26]} {[%emt 00:02:07]}
30. Ne2 {[%clk 01:07:37]} {[%emt 00:02:19]} Nb5 {[%clk 00:02:23]} {[%emt
00:00:34]} 31. Bb2 {[%clk 01:06:17]} {[%emt 00:01:48]} Bxb4 {[%clk 00:00:50]}
{[%emt 00:02:05]} 32. d5 {[%clk 01:00:13]} {[%emt 00:06:33]} cxd5 {[%clk
00:00:39]} {[%emt 00:00:41]} 33. exd5 {[%clk 01:00:39]} {[%emt 00:00:04]} exd5
{[%clk 00:00:34]} {[%emt 00:00:35]} 34. Qxd5 {[%clk 01:01:02]} {[%emt
00:00:07]} Rd8 {[%clk 00:00:36]} {[%emt 00:00:29]} 35. Qc6 {[%clk 00:59:21]}
{[%emt 00:02:10]} Qxc6 {[%clk 00:00:31]} {[%emt 00:00:36]} 36. Rxc6 {[%clk
00:59:41]} Ba3 {[%clk 00:00:33]} {[%emt 00:00:39]} 37. Bxa3+ {[%clk 00:56:10]}
{[%emt 00:04:00]} Nxa3 {[%clk 00:01:01]} {[%emt 00:00:02]} 38. Kxa2 {[%clk
00:56:03]} {[%emt 00:00:38]} Nb5 {[%clk 00:01:29]} {[%emt 00:00:01]} 39. Kb2
{[%clk 00:56:02]} {[%emt 00:00:29]} Kg8 {[%clk 00:00:43]} {[%emt 00:01:18]} 40.
Nc3 {[%clk 00:53:21]} {[%emt 00:03:10]} Nd4 {[%clk 00:00:32]} {[%emt 00:00:43]}
41. Rc4 {[%clk 00:52:30]} {[%emt 00:01:18]} Ne6 {[%clk 00:27:53]} {[%emt
00:03:10]} 42. Rh2 {[%clk 01:05:48]} {[%emt 00:17:10]} Rd3 {[%clk 00:17:32]}
{[%emt 00:10:54]} 43. b4 {[%clk 01:04:28]} {[%emt 00:01:50]} Kh7 {[%clk
00:16:48]} {[%emt 00:01:14]} 44. h4 {[%clk 00:59:28]} {[%emt 00:05:29]} Rb8
{[%clk 00:14:50]} {[%emt 00:02:29]} 45. h5 {[%clk 00:57:55]} {[%emt 00:02:02]}
Rd4 {[%clk 00:07:14]} {[%emt 00:08:07]} 46. Rxd4 {[%clk 00:55:13]} {[%emt
00:03:11]} Nxd4 {[%clk 00:07:36]} {[%emt 00:00:09]} 47. Na2 {[%clk 00:55:30]}
{[%emt 00:00:11]} f5 {[%clk 00:06:32]} {[%emt 00:01:36]} 48. Rd2 {[%clk
00:47:12]} {[%emt 00:08:46]} Nb5 {[%clk 00:06:35]} {[%emt 00:00:29]} 49. hxg6
{[%clk 00:46:32]} {[%emt 00:01:10]} Kxg6 {[%clk 00:06:57]} {[%emt 00:00:08]} 50.
g5 {[%clk 00:46:51]} {[%emt 00:00:10]} Kh5 {[%clk 00:05:47]} {[%emt 00:01:41]}
51. Nc3 {[%clk 00:45:20]} {[%emt 00:01:59]} Kg4 {[%clk 00:04:12]} {[%emt
00:02:06]} 52. Nxb5 {[%clk 00:45:36]} {[%emt 00:00:14]} Rxb5 {[%clk 00:04:37]}
{[%emt 00:00:06]} 53. Rd4 {[%clk 00:46:03]} {[%emt 00:00:03]} Kf3 {[%clk
00:04:23]} {[%emt 00:00:44]} 54. Kb3 {[%clk 00:45:06]} {[%emt 00:01:27]} Ke3
{[%clk 00:04:37]} {[%emt 00:00:16]} 55. Rc4 {[%clk 00:45:28]} {[%emt 00:00:08]}
Rb7 {[%clk 00:03:01]} {[%emt 00:02:06]} 56. Kc3 {[%clk 00:40:05]} {[%emt
00:05:51]} Rb6 {[%clk 00:02:09]} {[%emt 00:01:24]} 57. Rc7 {[%clk 00:38:09]}
{[%emt 00:02:25]} Kxf4 {[%clk 00:00:36]} {[%emt 00:02:04]} 58. Rxg7 {[%clk
00:38:34]} {[%emt 00:00:04]} Kg3 {[%clk 00:00:35]} {[%emt 00:00:31]} 59. Rf7
{[%clk 00:28:50]} {[%emt 00:10:14]} f4 {[%clk 00:00:45]} {[%emt 00:00:20]} 60.
Rf6 {[%clk 00:29:15]} {[%emt 00:00:05]} Rb8 {[%clk 00:00:34]} {[%emt 00:00:41]}
61. g6 {[%clk 00:29:41]} {[%emt 00:00:03]} f3 {[%clk 00:00:41]} {[%emt
00:00:22]} 62. g7 {[%clk 00:29:51]} {[%emt 00:00:21]} Rg8 {[%clk 00:00:36]}
{[%emt 00:00:35]} 63. Rg6 {[%clk 00:29:52]} {[%emt 00:00:28]} Kf2 {[%clk
00:00:36]} {[%emt 00:00:31]} 64. Kd3 {[%clk 00:21:22]} {[%emt 00:08:59]} Ke1
{[%clk 00:00:36]} {[%emt 00:00:30]} 65. Rg1+ {[%clk 00:09:50]} {[%emt
00:12:02]} Kf2 {[%clk 00:00:59]} {[%emt 00:00:08]} 66. Rg5 {[%clk 00:09:59]}
{[%emt 00:00:21]} Ke1 {[%clk 00:00:49]} {[%emt 00:00:40]} 67. Ra5 {[%clk
00:07:00]} {[%emt 00:03:29]} Rxg7 {[%clk 00:00:44]} {[%emt 00:00:36]} 68. Ke3
{[%clk 00:07:28]} {[%emt 00:00:02]} Re7+ {[%clk 00:00:35]} {[%emt 00:00:38]} 69.
Kxf3 {[%clk 00:07:55]} {[%emt 00:00:04]} Kd2 {[%clk 00:00:46]} {[%emt
00:00:18]} 70. Rc5 {[%clk 00:05:34]} {[%emt 00:02:52]} Kd3 {[%clk 00:00:41]}
{[%emt 00:00:34]} 71. b5 {[%clk 00:05:14]} {[%emt 00:00:52]} Kd4 {[%clk
00:00:46]} {[%emt 00:00:25]} 72. Rc1 {[%clk 00:05:24]} {[%emt 00:00:20]} Rb7
{[%clk 00:00:39]} {[%emt 00:00:37]} 73. Rb1 {[%clk 00:05:44]} {[%emt 00:00:10]}
Kc5 {[%clk 00:01:02]} {[%emt 00:00:07]} 74. Ke4 {[%clk 00:06:06]} {[%emt
00:00:07]} Rxb5 {[%clk 00:01:19]} {[%emt 00:00:13]} 1/2-1/2

[Event "Tournoi International du Pays de Charleroi 2018"]
[Site "Roux, Belgium"]
[Date "2018.07.30"]
[Round "3.27"]
[White "Huynh, Laurent"]
[Black "Mitran, Marie"]
[Result "1-0"]
[WhiteElo "2071"]
[BlackElo "1768"]

1. d4 {[%clk 01:30:50]} {[%emt 00:00:09]} Nf6 {[%clk 01:30:35]} {[%emt
00:00:25]} 2. e3 {[%clk 01:30:10]} {[%emt 00:01:10]} d5 {[%clk 01:30:53]}
{[%emt 00:00:13]} 3. Bd3 {[%clk 01:30:29]} {[%emt 00:00:10]} e6 {[%clk
01:30:55]} {[%emt 00:00:28]} 4. f4 {[%clk 01:30:08]} {[%emt 00:00:51]} b6
{[%clk 01:29:01]} {[%emt 00:02:23]} 5. Qe2 {[%clk 01:28:52]} {[%emt 00:01:47]}
Bb7 {[%clk 01:25:28]} {[%emt 00:04:04]} 6. Nf3 {[%clk 01:25:48]} {[%emt
00:03:33]} Bd6 {[%clk 01:21:33]} {[%emt 00:04:25]} 7. Nbd2 {[%clk 01:24:58]}
{[%emt 00:01:20]} Nbd7 {[%clk 01:18:23]} {[%emt 00:03:39]} 8. Ne5 {[%clk
01:22:01]} {[%emt 00:03:28]} c5 {[%clk 01:14:12]} {[%emt 00:04:40]} 9. c3
{[%clk 01:22:12]} {[%emt 00:00:19]} c4 {[%clk 01:09:32]} {[%emt 00:05:11]} 10.
Bc2 {[%clk 01:21:57]} {[%emt 00:00:45]} b5 {[%clk 01:09:09]} {[%emt 00:00:53]}
11. O-O {[%clk 01:19:04]} {[%emt 00:03:22]} a5 {[%clk 01:04:54]} {[%emt
00:04:46]} 12. e4 {[%clk 01:17:34]} {[%emt 00:02:00]} O-O {[%clk 00:57:15]}
{[%emt 00:08:10]} 13. Nxd7 {[%clk 01:17:49]} {[%emt 00:00:14]} Nxd7 {[%clk
00:57:27]} {[%emt 00:00:18]} 14. e5 {[%clk 01:17:17]} {[%emt 00:01:02]} Be7
{[%clk 00:56:35]} {[%emt 00:01:22]} 15. f5 {[%clk 01:15:27]} {[%emt 00:02:20]}
Re8 {[%clk 00:46:35]} {[%emt 00:10:31]} 16. f6 {[%clk 01:14:09]} {[%emt
00:01:47]} gxf6 {[%clk 00:42:34]} {[%emt 00:04:31]} 17. Bxh7+ {[%clk 01:11:52]}
{[%emt 00:02:47]} Kxh7 {[%clk 00:41:30]} {[%emt 00:01:34]} 18. Qh5 {[%clk
01:12:16]} {[%emt 00:00:06]} Kg7 {[%clk 00:40:41]} {[%emt 00:01:18]} 19. Qg4+
{[%clk 01:12:18]} {[%emt 00:00:29]} Kf8 {[%clk 00:40:10]} {[%emt 00:01:00]} 20.
Ne4 {[%clk 01:12:40]} {[%emt 00:00:09]} 1-0